MARC details
| 000 -CABECERA |
| campo de control de longitud fija |
01711nam a2200205 a 4500 |
| 001 - NÚMERO DE CONTROL |
| campo de control |
000045846 |
| 005 - FECHA Y HORA DE LA ÚLTIMA TRANSACCIÓN |
| campo de control |
20201002052459.0 |
| 008 - DATOS DE LONGITUD FIJA--INFORMACIÓN GENERAL |
| campo de control de longitud fija |
150519s1990 dr ac 000 p spa d |
| 040 ## - FUENTE DE LA CATALOGACIÓN |
| Centro catalogador/agencia de origen |
DO-SdBNP |
| Lengua de catalogación |
spa |
| Centro/agencia transcriptor |
BNPHU |
| 245 00 - MENCIÓN DE TÍTULO |
| Título |
Poemas para un primero de mayo. / |
| Mención de responsabilidad, etc. |
Robert Berroa...[et al.]. |
| 260 ## - PUBLICACIÓN, DISTRIBUCIÓN, ETC. |
| Lugar de publicación, distribución, etc. |
Santo Domingo : |
| Nombre del editor, distribuidor, etc. |
Grafitaller, |
| Fecha de publicación, distribución, etc. |
1990. |
| 300 ## - DESCRIPCIÓN FÍSICA |
| Extensión |
105 p. : |
| Otras características físicas |
il., retrs. ; |
| Dimensiones |
21 cm. |
| 500 ## - NOTA GENERAL |
| Nota general |
Incluye datos biograficos de los autores. |
| 505 0# - NOTA DE CONTENIDO CON FORMATO |
| Título |
Dedicatoria -- |
| -- |
Palabras de los autores -- |
| -- |
Semblanza I -- |
| -- |
Pensamiento -- |
| -- |
Tú, Obrero -- |
| -- |
Hombre -- |
| -- |
La sirvienta -- |
| -- |
Batey -- |
| -- |
Ma allá de la noche -- |
| -- |
Féretro -- |
| -- |
Hay un dolor -- |
| -- |
En esta ciudad -- |
| -- |
A ti te busco -- |
| Mención de responsabilidad |
Robert Berroa -- |
| Título |
Semblanza II -- |
| -- |
Pensamiento -- |
| -- |
Invitación -- |
| -- |
A un haitiano en mi tierra -- |
| -- |
Este pueblo -- |
| -- |
Yo -- |
| -- |
Cita con la muerte -- |
| -- |
Aquí estás tú -- |
| -- |
Preguntas para Dios -- |
| -- |
Este hombre -- |
| -- |
Este pueblo -- |
| -- |
La zafra -- |
| -- |
Mañana -- |
| -- |
Trauma de la guerra -- |
| -- |
Voy a reclamar por ti -- |
| -- |
Nosotros -- |
| -- |
A Caamaño -- |
| -- |
La mujer -- |
| -- |
Aquí -- |
| Mención de responsabilidad |
Víctor Alcantara -- |
| Título |
Semblanza III -- |
| -- |
Pensamiento -- |
| -- |
Itinerario -- |
| -- |
Cuando monto mi bicicleta -- |
| -- |
Lamento de un poeta -- |
| -- |
Despierta obrero -- |
| -- |
Canto resistente -- |
| -- |
De este lado de la tristeza -- |
| -- |
En esta isla -- |
| -- |
Aquí donde hoy estamos -- |
| -- |
Identificación perdida -- |
| -- |
Retrato -- |
| -- |
Segundo itinerario -- |
| -- |
Diálogo multitudinario -- |
| -- |
Ya hoy es lamentable el día -- |
| -- |
En esta ciudad -- |
| Mención de responsabilidad |
Benito Ángel Nieves |
| Título |
Semblanza IV -- |
| -- |
Pensamiento -- |
| Mención de responsabilidad |
Horacio Nadal -- |
| 590 ## - NOTA LOCAL (RLIN) |
| Nota local |
Perteneció a la biblioteca personal de Erick Landestoy |
| 700 1# - PUNTO DE ACCESO ADICIONAL--NOMBRE DE PERSONA |
| Nombre de persona |
Berroa, Robert |
| 9 (RLIN) |
10541 |
| 700 1# - PUNTO DE ACCESO ADICIONAL--NOMBRE DE PERSONA |
| Nombre de persona |
Alcantara, Víctor |
| 9 (RLIN) |
73918 |
| 700 1# - PUNTO DE ACCESO ADICIONAL--NOMBRE DE PERSONA |
| Nombre de persona |
Nieves, Benito Ángel |
| 9 (RLIN) |
73919 |
| 700 1# - PUNTO DE ACCESO ADICIONAL--NOMBRE DE PERSONA |
| Nombre de persona |
Nadal, Horacio |
| 9 (RLIN) |
73920 |